| Поле | Инд. | ПП | Название | Значение |
|---|---|---|---|---|
| Тип записи | a | |||
| Библиографический уровень | m | |||
| 001 | Контрольный номер | RU/LIBMSTU/310212459 | ||
| 005 | Дата корректировки | 20171120154703.1 | ||
| 008 | Кодируемые данные | 091102|||||||||ru |||||||||||000|||rus|| | ||
| 020 | a | ISBN | 978-5-7567-0521-8 | |
| c | Цена, тираж | 212-50 | ||
| 040 | b | Код языка каталог. | rus | |
| 041 | 0_ | a | Код языка текста | rus |
| 084 | a | Индекс другой классификации/Индекс ББК | 71+85.37+65.498.5 | |
| 090 | a | Полочн. индекс | 71 | |
| x | Авторский знак | К 59 | ||
| 100 | 1_ | a | Автор | Кокарев И. Е. |
| 245 | 10 | a | Заглавие | Кино как бизнес и политика |
| b | Продолж. заглавия | Современная киноиндустрия США и России : учеб. пособие | ||
| 250 | a | Основные сведения об издании | [2-е изд., перераб.] | |
| 260 | a | Место издания | Москва | |
| b | Издательство | Аспект Пресс | ||
| c | Дата издания | 2009 | ||
| 300 | a | Объем | 342, [1] с. | |
| 650 | 04 | a | Основная рубрика | Киноискусство-бизнес и политика-Учебные издания для высших учебных заведений |
| 651 | _4 | a | Географическое наименование | США |
| 653 | 0_ | a | Ключевые слова | Авторское право |
| a | Ключевые слова | Бизнес | ||
| a | Ключевые слова | Договоры | ||
| a | Ключевые слова | Кино | ||
| a | Ключевые слова | Киноиндустрия США | ||
| a | Ключевые слова | Кинокомпании | ||
| a | Ключевые слова | Продюсеры | ||
| 901 | t | Тип документа | m | |
| 952 | c | Вид литературы | учебное пособие |